000 00257nam a2200121Ia 4500
008 190216s9999||||xx |||||||||||||| ||und||
100 _aAruna Simh
245 0 _aHindi-Ghuthiram Baise
260 _bSamavad
300 _a89
650 _aHindi
942 _cBK
999 _c16412
_d16412